| 000 | 00559nam a22001937a 4500 | ||
|---|---|---|---|
| 005 | 20241206161511.0 | ||
| 010 | _aENG-142862 | ||
| 020 |
_a9789385329524 _c350.00 |
||
| 035 | _aEN-126394 | ||
| 037 | _bDBAD | ||
| 082 | _a303.625 | ||
| 100 |
_aGulati, Varun _974823 |
||
| 245 |
_aTerrorism & India's Internal Security Architecture/ _cby Varun Gulati |
||
| 250 | _a1 | ||
| 260 |
_aDelhi _bShree kala Prakashan _c2021 |
||
| 270 |
_a42/43,U.B. Jawahar Nagar _bDelhi _e110007 |
||
| 300 |
_a97p. _c22cm(pb) |
||
| 942 |
_2ddc _cEN _h303.625 _mGUL |
||
| 999 |
_c207478 _d207478 |
||